Особенности распределения и генезиса соляной толщи месторождения Нивенское I (Калининградская область); Проблемы геологии и освоения недр; Т. 1

Detalles Bibliográficos
Parent link:Проблемы геологии и освоения недр: труды XXI Международного симпозиума имени академика М. А. Усова студентов и молодых ученых, посвященного 130-летию со дня рождения профессора М. И. Кучина, Томск, 3-7 апреля 2017 г./ Национальный исследовательский Томский политехнический университет (ТПУ), Институт природных ресурсов (ИПР) ; под ред. А. С. Боева.— , 2017
Т. 1.— 2017.— [С. 142-143]
Autor principal: Бабенко Т. А.
Autor Corporativo: Южно-Российский государственный политехнический университет (Новочеркасский политехнический институт) (ЮРГПУ (НПИ))
Otros Autores: Бутенков А. А. (научный руководитель)
Sumario:Заглавие с экрана
Lenguaje:ruso
Publicado: 2017
Colección:Месторождения полезных ископаемых. Методика поисков и разведки месторождений полезных ископаемых. Геоинформационные системы в геологии
Materias:
Acceso en línea:http://earchive.tpu.ru/handle/11683/44413
Formato: MixedMaterials Electrónico Capítulo de libro
KOHA link:https://koha.lib.tpu.ru/cgi-bin/koha/opac-detail.pl?biblionumber=624484

MARC

LEADER 00000naa2a2200000 4500
001 624484
005 20231101133320.0
035 |a (RuTPU)RU\TPU\conf\23744 
035 |a RU\TPU\conf\23743 
090 |a 624484 
100 |a 20171123d2017 k y0rusy50 ca 
101 0 |a rus 
102 |a RU 
105 |a y z 100zy 
135 |a drcn ---uucaa 
181 0 |a i  
182 0 |a b 
200 1 |a Особенности распределения и генезиса соляной толщи месторождения Нивенское I (Калининградская область)  |f Т. А. Бабенко  |g науч. рук. А. А. Бутенков 
203 |a Текст  |c электронный 
225 1 |a Месторождения полезных ископаемых. Методика поисков и разведки месторождений полезных ископаемых. Геоинформационные системы в геологии 
230 |a 1 компьютерный файл (pdf; 906 Kb) 
300 |a Заглавие с экрана 
320 |a [Библиогр.: с. 143 (5 назв.] 
461 1 |0 (RuTPU)RU\TPU\conf\21932  |t Проблемы геологии и освоения недр  |o труды XXI Международного симпозиума имени академика М. А. Усова студентов и молодых ученых, посвященного 130-летию со дня рождения профессора М. И. Кучина, Томск, 3-7 апреля 2017 г.  |o в 2 т.  |f Национальный исследовательский Томский политехнический университет (ТПУ), Институт природных ресурсов (ИПР) ; под ред. А. С. Боева  |d 2017 
463 1 |0 (RuTPU)RU\TPU\conf\21936  |t Т. 1  |v [С. 142-143]  |d 2017 
610 1 |a электронный ресурс 
610 1 |a распределение 
610 1 |a генезис 
610 1 |a соляные толщи 
610 1 |a месторождения 
610 1 |a Калининградская область 
610 1 |a калийно-магниевые соли 
700 1 |a Бабенко  |b Т. А. 
702 1 |a Бутенков  |b А. А.  |4 727 
712 0 2 |a Южно-Российский государственный политехнический университет (Новочеркасский политехнический институт) (ЮРГПУ (НПИ))  |c (2013-)  |c (Новочеркасск)  |2 stltpush  |3 (RuTPU)RU\TPU\col\23278 
801 2 |a RU  |b 63413507  |c 20171201  |g RCR 
856 4 |u http://earchive.tpu.ru/handle/11683/44413 
942 |c BK